<?xml version="1.0" encoding="UTF-8"?><?xml-stylesheet type="text/xsl" href="static/style.xsl"?><OAI-PMH xmlns="http://www.openarchives.org/OAI/2.0/" xmlns:xsi="http://www.w3.org/2001/XMLSchema-instance" xsi:schemaLocation="http://www.openarchives.org/OAI/2.0/ http://www.openarchives.org/OAI/2.0/OAI-PMH.xsd"><responseDate>2026-04-14T04:30:56Z</responseDate><request verb="GetRecord" identifier="oai:www.recercat.cat:10459.1/465070" metadataPrefix="marc">https://recercat.cat/oai/request</request><GetRecord><record><header><identifier>oai:recercat.cat:10459.1/465070</identifier><datestamp>2025-09-15T18:44:12Z</datestamp><setSpec>com_2072_3622</setSpec><setSpec>col_2072_479130</setSpec></header><metadata><record xmlns="http://www.loc.gov/MARC21/slim" xmlns:dcterms="http://purl.org/dc/terms/" xmlns:xsi="http://www.w3.org/2001/XMLSchema-instance" xmlns:doc="http://www.lyncode.com/xoai" xsi:schemaLocation="http://www.loc.gov/MARC21/slim http://www.loc.gov/standards/marcxml/schema/MARC21slim.xsd">
   <leader>00925njm 22002777a 4500</leader>
   <datafield ind2=" " ind1=" " tag="042">
      <subfield code="a">dc</subfield>
   </datafield>
   <datafield ind2=" " ind1=" " tag="720">
      <subfield code="a">Montserrat i Capdevila, Josep</subfield>
      <subfield code="e">author</subfield>
   </datafield>
   <datafield ind2=" " ind1=" " tag="720">
      <subfield code="a">Godoy i García, Pere</subfield>
      <subfield code="e">author</subfield>
   </datafield>
   <datafield ind2=" " ind1=" " tag="720">
      <subfield code="a">Marsal Mora, Josep Ramon</subfield>
      <subfield code="e">author</subfield>
   </datafield>
   <datafield ind2=" " ind1=" " tag="720">
      <subfield code="a">Barbé Illa, Ferran</subfield>
      <subfield code="e">author</subfield>
   </datafield>
   <datafield ind2=" " ind1=" " tag="260">
      <subfield code="c">2015</subfield>
   </datafield>
   <datafield ind2=" " ind1=" " tag="520">
      <subfield code="a">Objetivo: Conocer la cobertura vacunal antigripal en profesionales de atención primaria y determinar los factores asociados a la vacunación (temporada 2013-2014).
Métodos: Estudio transversal realizado a 287 profesionales que cumplimentaron un cuestionario que incluía preguntas sobre conocimientos, creencias y actitudes frente la gripe y la vacunación. Se determinó la cobertura y aquellas variables asociadas a recibir la vacunación, utilizando modelos de regresión logística no condicional.
Resultados: La participación fue del 47,2%. La cobertura vacunal fue del 60,3%; fue mayor en los profesionales > 55 años de edad, mujeres y pediatras. Factores asociados a recibirla fueron la percepción de que la vacunación protege la propia salud (odds ratio ajustada [ORa]: 11,1; intervalo de confianza del 95% [IC95%]: 3,41-35,9) y de que es efectiva (ORa: 7,5; IC95%: 0,9-59,3). No se halló asociación entre la vacunación y el conocimiento sobre la gripe y la vacunación, pero sí para prescribirla en gestantes, en > 65 años y en inmunodeprimidos.
Conclusiones: Se recomienda diseñar estrategias para aumentar la cobertura, basadas en cambiar actitudes negativas frente a la vacunación.</subfield>
   </datafield>
   <datafield ind2=" " ind1=" " tag="520">
      <subfield code="a">Objective: To identify the influenza vaccination coverage in healthcare workers in primary care and to determine the factors associated with vaccination (2013-2014 season).
Methods: A cross-sectional study was carried out among 287 healthcare workers who completed a questionnaire that included questions about knowledge, beliefs and attitudes to influenza and vaccination. We estimated the vaccine coverage and identified the variables associated with vaccination of healthcare workers by using non-conditional logistic regression models.
Results: The participation rate was 47.2%. Vaccination coverage was 60.3% and was higher in workers older than 55 years, women and pediatricians. The factors associated with healthcare worker vaccination were the perception that vaccination confers protection (aOR: 11.1; 95%CI: 3.41-35.9) and the perception that it is effective (aOR: 7.5; 95%CI: 0.9-59.3). No association was found between receiving the vaccine and knowledge of influenza or vaccination. However, an association was found with prescribing vaccination to pregnant women, to persons older than 65 years, and to immunosuppressed individuals.
Conclusions: Strategies should be designed to increase coverage, based on changing negative attitudes of healthcare workers to vaccination.</subfield>
   </datafield>
   <datafield tag="653" ind2=" " ind1=" ">
      <subfield code="a">Vacuna antigripal</subfield>
   </datafield>
   <datafield tag="653" ind2=" " ind1=" ">
      <subfield code="a">Gripe</subfield>
   </datafield>
   <datafield tag="653" ind2=" " ind1=" ">
      <subfield code="a">Personal sanitario</subfield>
   </datafield>
   <datafield tag="653" ind2=" " ind1=" ">
      <subfield code="a">Influenza vaccine</subfield>
   </datafield>
   <datafield tag="653" ind2=" " ind1=" ">
      <subfield code="a">Health personnel</subfield>
   </datafield>
   <datafield ind2="0" ind1="0" tag="245">
      <subfield code="a">Factors associated with influenza immunization in primary care health workers</subfield>
   </datafield>
   <datafield ind2="0" ind1="0" tag="245">
      <subfield code="a">Factores asociados a recibir la vacunación antigripal en profesionales de atención primaria</subfield>
   </datafield>
</record></metadata></record></GetRecord></OAI-PMH>